| 000 | 00458nam a22001457a 4500 | ||
|---|---|---|---|
| 082 | _aP-14 | ||
| 100 |
_aImran Ali _947747 |
||
| 245 |
_aComputer aided design of mat foundation of uner ground command post of corps headquarter _cMurtaza Sarwar, Anjum Iqbal, Muhammad Amjad, Iftikhar Kakar, Tauqir Awan |
||
| 260 |
_aMCE _bMCE |
||
| 300 | _a118 p. : | ||
| 526 |
_a0 _b0 _c0 _dP_14 |
||
| 650 | _aProject | ||
| 700 |
_aNasrullah Abeer _947638 |
||
| 942 |
_2ddc _cBK |
||
| 999 |
_c550896 _d550896 |
||